000 00936nam a22003017a 4500
003 CHAP
005 20220329140153.0
008 971013s1957 us a r 00010 eng d
010 _a48026
011 _a48998
035 _a53146
040 _cCHAP
082 0 4 _a636.0824
_bR52 1957
100 0 0 _aRice, Victor Arthur.
_997235
245 1 _aBreeding and improvement of farm animals
250 _a5 ed.
260 _aNew York :
_bMcGraw-Hill,
_c1957
300 _a537 p.
_b: ilus.
590 _aBATCH-UPD
_b10
_c20130110
_lUCH01
_h1830
590 _aBATCH-UPD
_b10
_c20130410
_lUCH01
_h1203
590 _aBATCH-UPD
_b10
_c20130914
_lUCH01
_h1459
590 _aCONVERSION
_b10
_c20130109
_lUCH01
_h1326
650 1 4 _aGanaderĂ­a.
_944604
901 _aBK
942 _cLIBRO
949 _a636.0824 R52 1957
_bBC
_cBPA
_d-118016
_eBPA
_h24247
_i53146
_si
_t255.00
949 _a636.0824 R52 1957
_bBC
_cBPA
_d-118017
_eBPA
_fc.2
_h39388
_i53146
_si
_t255.00
999 _c48026
_d48026